000 00603nam a2200241 a 4500
001 nice12345678
003 IN_TiNIC
005 20260116013442.0
008 050524s0000 hyda grp 000 0 eng
020 _a
_c100
082 0 0 _a297.4
_bBAI2
100 _aBaig, Mirza Safdar Ali
245 _aSufism, Mysticism and Philosophy
260 _aHyderabad
_bMarkazi Anjuman Taleemus Salat
_c0000
300 _a181p
500 _aincludes index and biblioraphy
505 2 _aIndex
650 _aSufism
700 1 _aBaig, Mirza Safdar Ali
902 _bSRS
942 _cBK
999 _c11041
_d11041